Loading...
| Science - Other | 0 | 6 | 0 | 3 | 60 | 40 | 89.67 | 0 | 2 | 0.00 | 0.00 |
| History - Other | 0 | 5 | 0 | 2 | 50 | 66 | 86.20 | 1 | 1 | 0.00 | 0.00 |
| History - American | 0 | 5 | 0 | 1 | 50 | 29 | 62.20 | 2 | 4 | 0.00 | 0.00 |
| Science - Biology | 0 | 5 | 0 | 1 | 50 | 49 | 72.20 | 2 | 2 | 0.00 | 0.00 |
| Fine Arts - Classical Music | 0 | 5 | 0 | 0 | 50 | 89 | 107.00 | 0 | 2 | 0.00 | 0.00 |
| Literature - European | 0 | 4 | 0 | 1 | 40 | 66 | 92.75 | 1 | 3 | 0.00 | 0.00 |
| Mythology | 0 | 4 | 0 | 0 | 40 | 49 | 53.25 | 1 | 4 | 0.00 | 0.00 |
| Literature - British | 0 | 4 | 1 | 0 | 35 | 17 | 55.00 | 0 | 4 | 0.00 | 0.00 |
| Social Science | 0 | 3 | 0 | 0 | 30 | 48 | 58.00 | 0 | 1 | 0.00 | 0.00 |
| Fine Arts - Other | 0 | 3 | 0 | 2 | 30 | 84 | 104.33 | 0 | 1 | 0.00 | 0.00 |
| Fine Arts - Painting and Sculpture | 0 | 3 | 0 | 0 | 30 | 68 | 89.67 | 0 | 0 | 0.00 | 0.00 |
| History - World | 0 | 3 | 0 | 0 | 30 | 40 | 58.00 | 0 | 1 | 0.00 | 0.00 |
| Philosophy | 0 | 3 | 0 | 0 | 30 | 30 | 35.00 | 1 | 3 | 0.00 | 0.00 |
| Geography | 0 | 3 | 1 | 0 | 25 | 72 | 86.33 | 0 | 0 | 0.00 | 0.00 |
| Literature - American | 0 | 2 | 0 | 0 | 20 | 14 | 25.00 | 1 | 2 | 0.00 | 0.00 |
| Science - Chemistry | 0 | 2 | 0 | 1 | 20 | 99 | 115.00 | 0 | 0 | 0.00 | 0.00 |
| Popular Culture | 0 | 2 | 0 | 0 | 20 | 34 | 53.50 | 2 | 2 | 0.00 | 0.00 |
| History - European | 0 | 1 | 0 | 0 | 10 | 28 | 28.00 | 1 | 1 | 0.00 | 0.00 |
| Religion | 0 | 1 | 0 | 0 | 10 | 49 | 49.00 | 1 | 1 | 0.00 | 0.00 |
| Science - Physics | 0 | 2 | 2 | 2 | 10 | 100 | 102.50 | 0 | 0 | 0.00 | 0.00 |
| Current Events | 0 | 1 | 1 | 0 | 5 | 68 | 68.00 | 0 | 1 | 0.00 | 0.00 |
| Literature - World | 0 | 0 | 0 | 0 | 0 | 0.00 | 0 | 0 | 0.00 | 0.00 |